|
|
|
|
| LEADER |
00000nam0a2200000 4500 |
| 001 |
289578 |
| 005 |
20231102000212.0 |
| 020 |
|
|
|a RU
|b 82-58730
|
| 035 |
|
|
|a (RuTPU)RU\TPU\book\314089
|
| 090 |
|
|
|a 289578
|
| 100 |
|
|
|a 20150401d1982 k y0rusy5003 ca
|
| 101 |
0 |
|
|a rus
|
| 102 |
|
|
|a RU
|
| 105 |
|
|
|a a z 001zy
|
| 200 |
1 |
|
|a Кривошипные кузнечно-прессовые машины.Теория и проектирование
|f под ред. В. И. Власова
|
| 210 |
|
|
|a Москва
|c Машиностроение
|d 1982
|
| 215 |
|
|
|a 424 с.
|c ил.
|
| 320 |
|
|
|a Библиогр.: с. 419-421
|
| 606 |
1 |
|
|a Кузнечно-прессовое оборудование
|2 stltpush
|3 (RuTPU)RU\TPU\subj\72680
|9 86089
|
| 610 |
1 |
|
|a теория
|
| 610 |
1 |
|
|a проектирование
|
| 610 |
1 |
|
|a механизмы
|
| 610 |
1 |
|
|a кинетостатика
|
| 610 |
1 |
|
|a приводы
|
| 610 |
1 |
|
|a смазка
|
| 675 |
|
|
|a 621.735.06:621.97
|z rus
|v 4
|
| 702 |
|
1 |
|a Власов
|b В. И.
|g Виктор Иванович
|4 340
|
| 801 |
|
0 |
|a RU
|b RuMRKP
|c 19950704
|g psbo
|
| 801 |
|
1 |
|a RU
|b 63413507
|c 20150401
|
| 801 |
|
2 |
|a RU
|b 63413507
|c 20170710
|g RCR
|
| 942 |
|
|
|c BK
|